[Event "2nd GMA World Cup prel  #2"]
[Site "Moscow URS"]
[Date "1989.??.??"]
[Round "2"]
[White "Gligoric, Svetozar"]
[Black "Gavrikov, Viktor"]
[Result "1/2-1/2"]
[WhiteElo "2505"]
[BlackElo "2535"]
[EventDate "1989.05.??"]
[PlyCount "56"]

1.d4 Nf6 2.c4 g6 3.g3 Bg7 4.Bg2 d5 5.cxd5 Nxd5 6.Nf3 Nb6 7.Nc3 Nc6 8.e3 
O-O 9.O-O e5 10.d5 Na5 11.e4 c6 12.Bg5 f6 13.Be3 cxd5 14.exd5 Rf7 15.Bc5 
f5 16.Nd2 e4 17.Nb3 Nac4 18.Qe2 Ne5 19.Rad1 Nbc4 20.Nd4 b6 21.Nc6 Qe8 22.
Nxe5 Nxe5 23.Bd4 Bd7 24.f3 exf3 25.Bxf3 Nxf3+ 26.Qxf3 Bxd4+ 27.Rxd4 Qe5 
28.Qf4 Qxf4 1/2-1/2

[Event "2nd GMA World Cup prel  #2"]
[Site "Moscow URS"]
[Date "1989.??.??"]
[Round "2"]
[White "Geller, Efim"]
[Black "Murey, Jacob"]
[Result "0-1"]
[WhiteElo "2480"]
[BlackElo "2560"]
[EventDate "1989.05.??"]
[PlyCount "61"]

1.e4 g6 2.d4 Bg7 3.Nc3 d6 4.Nge2 Nf6 5.g3 c5 6.dxc5 Qa5 7.cxd6 Nxe4 8.Qd5 
Nc5 9.dxe7 Bd7 10.Nd4 Nc6 11.Nb5 Ne6 12.Bd2 Qb4 13.O-O-O Qxe7 14.Nd6+ Kf8 
15.Bg2 Ncd8 16.Qd3 Bc6 17.Bxc6 Nxc6 18.Nde4 f5 19.Rhe1 fxe4 20.Rxe4 Rd8 
21.Nd5 Qf7 22.Qc4 h5 23.Rde1 Ned4 24.Rf4 Nf5 25.Qc5+ Kg8 26.Ne3 Qxa2 27.c3
Ne5 28.Qc7 Nd3+ 29.Kd1 Qb1+ 30.Ke2 Nxf4+ 31.Kf3 0-1

[Event "2nd GMA World Cup prel  #2"]
[Site "Moscow URS"]
[Date "1989.??.??"]
[Round "2"]
[White "Stefansson, Hannes Hlifar"]
[Black "Romanishin, Oleg"]
[Result "1-0"]
[WhiteElo "2480"]
[BlackElo "2555"]
[EventDate "1989.05.??"]
[PlyCount "76"]

1.d4 Nf6 2.c4 e6 3.Nc3 Bb4 4.Qc2 c5 5.dxc5 Bxc5 6.Nf3 Nc6 7.Bg5 Qa5 8.Rd1 
Ng4 9.e3 Bb4 10.Be2 Bxc3+ 11.bxc3 Nge5 12.Bf4 Nxf3+ 13.gxf3 O-O 14.Bd6 Re8
15.f4 b6 16.Rg1 f6 17.e4 Ba6 18.Qb3 Bc8 19.Rd3 Kh8 20.Rh3 Rg8 21.Kf1 g6 
22.Rg4 Bb7 23.a4 Qa6 24.Ba3 Na5 25.Qd1 Rg7 26.Qd4 e5 27.fxe5 Nc6 28.Qd1 
Nxe5 29.c5 b5 30.Rgh4 Qxa4 31.Qc1 g5 32.Rh6 Qxe4 33.Rg3 Qh1+ 34.Rg1 Bg2+ 
35.Ke1 Qxg1+ 36.Kd2 Qxc1+ 37.Bxc1 Rg6 38.Rh5 Rc8 1-0

[Event "2nd GMA World Cup prel  #2"]
[Site "Moscow URS"]
[Date "1989.??.??"]
[Round "2"]
[White "Azmaiparashvili, Zurab"]
[Black "Klinger, Josef"]
[Result "1-0"]
[WhiteElo "2560"]
[BlackElo "2475"]
[EventDate "1989.05.??"]
[PlyCount "85"]

1.c4 c5 2.Nf3 e6 3.g3 Nf6 4.Bg2 a6 5.Nc3 Be7 6.O-O O-O 7.b3 d6 8.d4 cxd4 
9.Nxd4 Qc7 10.Bb2 Nbd7 11.Rc1 Rd8 12.Qd2 Nf8 13.Rfd1 Bd7 14.Qe3 Ng6 15.h4 
Rac8 16.Ne4 h6 17.a4 Qb8 18.Ba3 Bc6 19.Nxc6 bxc6 20.Bb2 Ne8 21.h5 Nf8 22.
Ba3 Nh7 23.a5 c5 24.Rd3 Qc7 25.b4 cxb4 26.Bxb4 Rb8 27.Qd2 f5 28.c5 fxe4 
29.cxd6 Qb7 30.Rd4 Bg5 31.e3 Nhf6 32.Bh3 Qf7 33.Qa2 Kh8 34.Bxe6 Qxh5 35.d7
Nxd7 36.Bxd7 Rxb4 37.Bxe8 Qf3 38.Rxd8 Bxd8 39.Bg6 Rb8 40.Qd5 Qf6 41.Bxe4 
Rb5 42.Qd7 Re5 43.Rc8 1-0

[Event "2nd GMA World Cup prel  #2"]
[Site "Moscow URS"]
[Date "1989.??.??"]
[Round "2"]
[White "Campora, Daniel Hugo"]
[Black "Goldin, Alexander"]
[Result "1/2-1/2"]
[WhiteElo "2500"]
[BlackElo "2535"]
[EventDate "1989.05.??"]
[PlyCount "128"]

1.e4 e5 2.Nf3 Nc6 3.Bb5 a6 4.Ba4 d6 5.Bxc6+ bxc6 6.d4 exd4 7.Nxd4 Ne7 8.
O-O c5 9.Ne2 g6 10.Bd2 Bg7 11.Bc3 f6 12.Nf4 O-O 13.Re1 Qe8 14.Nd2 Qf7 15.
Nb3 Rb8 16.Na5 Bd7 17.Qd3 Bb5 18.Qh3 Nc8 19.a4 Bd7 20.Qd3 Nb6 21.b3 g5 22.
Nd5 Nxd5 23.exd5 Rbe8 24.Rad1 Qg6 25.Qxg6 hxg6 26.Nc4 Kf7 27.Rxe8 Rxe8 28.
Re1 Rxe1+ 29.Bxe1 Ke7 30.Ba5 c6 31.Nb6 cxd5 32.Nxd5+ Kf7 33.Kf1 Bc6 34.c4 
f5 35.h3 Bd4 36.Ke2 Ke6 37.Nc7+ Kd7 38.f3 Bb7 39.Nd5 Ke6 40.Nc7+ Kd7 41.g4
Bb2 42.Nd5 Ke6 43.Bd8 fxg4 44.hxg4 Bxd5 45.cxd5+ Kxd5 46.Bxg5 c4 47.bxc4+ 
Kxc4 48.f4 Bc1 49.Kf3 d5 50.Bd8 d4 51.f5 gxf5 52.gxf5 d3 53.f6 Kb3 54.f7 
Ba3 55.Ke3 Kc2 56.Ba5 Bf8 57.Be1 Be7 58.Ba5 Bf8 59.Be1 Bg7 60.a5 Bf8 61.
Kd4 d2 62.Bxd2 Kxd2 63.Kd5 Kc3 64.Kc6 Kc4 1/2-1/2

[Event "2nd GMA World Cup prel  #2"]
[Site "Moscow URS"]
[Date "1989.??.??"]
[Round "2"]
[White "Bareev, Evgeny"]
[Black "Petrosian, Arshak"]
[Result "1-0"]
[WhiteElo "2555"]
[BlackElo "2475"]
[EventDate "1989.05.??"]
[PlyCount "109"]

1.d4 d5 2.c4 e6 3.Nc3 Be7 4.cxd5 exd5 5.Bf4 c6 6.Qc2 Bd6 7.Bg3 Ne7 8.e3 
Bf5 9.Qb3 Bxg3 10.hxg3 Qb6 11.f3 Na6 12.g4 Bg6 13.Kf2 Qxb3 14.axb3 Nb4 15.
Nh3 Bc2 16.Ra3 O-O 17.Be2 b6 18.Rha1 a5 19.Na4 Rab8 20.Rc1 Rfc8 21.Ke1 c5 
22.dxc5 bxc5 23.Kd2 d4 24.exd4 cxd4 25.Bc4 Bg6 26.Nf4 Nec6 27.Nc5 Re8 28.
Na6 Nxa6 29.Bxa6 Nb4 30.Bc4 Re5 31.Rca1 Nc6 32.Bd5 Nb4 33.Rxa5 Nxd5 34.
Rxd5 Rxd5 35.Nxd5 Kf8 36.Ra4 Rc8 37.Rc4 Rb8 38.b4 f6 39.Rxd4 Ra8 40.b5 Rb8
41.b6 Bf7 42.Kc3 Bxd5 43.Rxd5 Rxb6 44.b4 Ke7 45.b5 Ke6 46.Kc4 Rb8 47.f4 g6
48.Rc5 Kd7 49.Rc6 Re8 50.Rxf6 g5 51.f5 Re4+ 52.Kd5 Rxg4 53.Rf7+ Ke8 54.
Rxh7 Rxg2 55.b6 1-0

[Event "2nd GMA World Cup prel  #2"]
[Site "Moscow URS"]
[Date "1989.??.??"]
[Round "2"]
[White "Anastasian, Ashot"]
[Black "Razuvaev, Yury"]
[Result "0-1"]
[WhiteElo "2475"]
[BlackElo "2550"]
[EventDate "1989.05.??"]
[PlyCount "54"]

1.c4 e5 2.Nc3 Bb4 3.Qb3 Nc6 4.e3 Nf6 5.Nge2 O-O 6.g3 e4 7.Bg2 Re8 8.O-O 
Bxc3 9.Nxc3 d6 10.a3 Bf5 11.Qc2 Qd7 12.b3 Ne5 13.Bb2 Nf3+ 14.Kh1 Ng4 15.
Bxf3 exf3 16.Qd1 Ne5 17.Nd5 Nd3 18.Bc3 Be4 19.Nf4 Re6 20.Nxd3 Bxd3 21.Rg1 
Rae8 22.g4 Rg6 23.Rg3 h5 24.g5 h4 25.Rg1 Qf5 26.Qc1 Re4 27.Qb2 Rxg5 0-1

[Event "2nd GMA World Cup prel  #2"]
[Site "Moscow URS"]
[Date "1989.??.??"]
[Round "2"]
[White "Kochiev, Alexander"]
[Black "Hansen, Curt"]
[Result "0-1"]
[WhiteElo "2475"]
[BlackElo "2545"]
[EventDate "1989.05.??"]
[PlyCount "84"]

1.Nf3 Nf6 2.c4 c5 3.Nc3 Nc6 4.g3 d5 5.cxd5 Nxd5 6.Bg2 g6 7.O-O Bg7 8.Nxd5 
Qxd5 9.d3 O-O 10.Be3 Bd7 11.Nd4 Qd6 12.Nxc6 Bxc6 13.Bxc6 Qxc6 14.Rc1 Qe6 
15.Rxc5 Qxa2 16.Rb5 b6 17.Qa1 Qe6 18.Rb4 Rfc8 19.Qa4 h5 20.b3 Rc2 21.Re4 
Qd5 22.Rxe7 b5 23.Qe4 Qxe4 24.dxe4 a5 25.Rb7 a4 26.Rxb5 a3 27.e5 f6 28.Bd4
fxe5 29.Ba1 Rxe2 30.b4 a2 31.Rb7 Rf8 32.Kg2 Bh8 33.Ra7 e4 34.Bxh8 Kxh8 35.
b5 e3 36.b6 Rfxf2+ 37.Rxf2 Rxf2+ 38.Kh3 e2 39.b7 Rf8 40.Ra8 e1=Q 41.Rxf8+ 
Kg7 42.b8=Q Qe6+ 0-1

[Event "2nd GMA World Cup prel  #2"]
[Site "Moscow URS"]
[Date "1989.??.??"]
[Round "2"]
[White "Csom, Istvan"]
[Black "Glek, Igor"]
[Result "1-0"]
[WhiteElo "2545"]
[BlackElo "2475"]
[EventDate "1989.05.??"]
[PlyCount "74"]

1.Nf3 e6 2.g3 f5 3.Bg2 Nf6 4.O-O Be7 5.c4 O-O 6.b3 Qe8 7.d4 d6 8.Nc3 Qh5 
9.Qc2 Nc6 10.Ba3 a5 11.Rad1 Nb4 12.Qb1 Ng4 13.Bc1 Bf6 14.a3 Nc6 15.Nb5 Bd8
16.d5 Nce5 17.h3 Nf6 18.Nxe5 dxe5 19.Qb2 exd5 20.Qxe5 dxc4 21.bxc4 Qf7 22.
Rxd8 Rxd8 23.Nxc7 Rb8 24.Bf4 b6 25.Nd5 Be6 26.Rd1 Rbc8 27.Rd4 b5 28.Nxf6+ 
Qxf6 29.Rxd8+ Rxd8 30.Qxb5 Qa1+ 31.Kh2 Qxa3 32.Qb6 Qe7 33.Qxa5 Rc8 34.Be5 
Bxc4 35.e3 Bf7 36.Bd4 Be6 37.Qe5 Re8 1-0

[Event "2nd GMA World Cup prel  #2"]
[Site "Moscow URS"]
[Date "1989.??.??"]
[Round "2"]
[White "Balashov, Yury"]
[Black "Karpman, Vadim"]
[Result "1/2-1/2"]
[WhiteElo "2530"]
[BlackElo "2480"]
[EventDate "1989.05.??"]
[PlyCount "59"]

1.e4 c5 2.Nc3 Nc6 3.g3 g6 4.Bg2 Bg7 5.d3 d6 6.f4 e6 7.Nf3 Nge7 8.O-O O-O 
9.Be3 Nd4 10.e5 Nef5 11.Bf2 Nxf3+ 12.Qxf3 Nd4 13.Qd1 dxe5 14.fxe5 Bxe5 15.
Ne4 f5 16.Nxc5 Qc7 17.b4 Bg7 18.c3 Nb5 19.Qb3 Nxc3 20.Rae1 Qf7 21.Nxe6 
Bxe6 22.Rxe6 a5 23.bxa5 Rxa5 24.Re7 Qxb3 25.axb3 Rf7 26.Rfe1 Rb5 27.Re8+ 
Rf8 28.R8e7 Rf7 29.Re8+ Rf8 30.R8e7 1/2-1/2

[Event "2nd GMA World Cup prel  #2"]
[Site "Moscow URS"]
[Date "1989.??.??"]
[Round "2"]
[White "Kuzmin, Alexei"]
[Black "Smagin, Sergei"]
[Result "1/2-1/2"]
[WhiteElo "2465"]
[BlackElo "2540"]
[EventDate "1989.05.??"]
[PlyCount "99"]

1.d4 Nf6 2.c4 c6 3.Nc3 d5 4.Nf3 e6 5.e3 Nbd7 6.Qc2 Bd6 7.Be2 O-O 8.O-O Re8
9.Rd1 Qe7 10.b3 a6 11.Bb2 dxc4 12.Bxc4 b5 13.Bd3 Bb7 14.e4 e5 15.Ne2 c5 
16.dxe5 Nxe5 17.Nxe5 Bxe5 18.Bxe5 Qxe5 19.f3 Rac8 20.Qc3 Qc7 21.Ng3 Qb6 
22.Kh1 g6 23.a4 Red8 24.axb5 axb5 25.Bxb5 Rxd1+ 26.Rxd1 Qxb5 27.Qxf6 Qxb3 
28.Rd8+ Rxd8 29.Qxd8+ Kg7 30.h4 Qe3 31.Qc7 Ba6 32.Qe5+ Kg8 33.Qe8+ Kg7 34.
Qe5+ Kg8 35.h5 Bc4 36.Qe8+ Kg7 37.Qe7 Be6 38.Qd6 Qg5 39.Kg1 Qe3+ 40.Kh2 
Qg5 41.Kg1 gxh5 42.Kf2 h4 43.Nf1 h3 44.gxh3 Bxh3 45.Ng3 h5 46.f4 Qh4 47.
Qe5+ Kg8 48.Qe8+ Kg7 49.Qe5+ Kg8 50.Qe8+ 1/2-1/2

[Event "2nd GMA World Cup prel  #2"]
[Site "Moscow URS"]
[Date "1989.??.??"]
[Round "2"]
[White "Lerner, Konstantin"]
[Black "Timoschenko, Gennady"]
[Result "1/2-1/2"]
[WhiteElo "2535"]
[BlackElo "2460"]
[EventDate "1989.05.??"]
[PlyCount "106"]

1.d4 Nf6 2.c4 g6 3.Nc3 Bg7 4.e4 d6 5.Be2 O-O 6.Nf3 e5 7.O-O Nc6 8.d5 Ne7 
9.Nd2 a5 10.a3 c5 11.Rb1 Ne8 12.b4 axb4 13.axb4 b6 14.bxc5 bxc5 15.Nb3 Kh8
16.Bd2 Ng8 17.Ra1 Rxa1 18.Qxa1 f5 19.Na5 Nef6 20.Nc6 Qd7 21.f3 fxe4 22.
fxe4 Bh6 23.Bxh6 Nxh6 24.Qb2 Nhg8 25.Qb6 Qg7 26.Qb2 Qh6 27.Qc1 Kg7 28.
Qxh6+ Nxh6 29.Ra1 Nf7 30.Ra7 Bd7 31.Nb5 Rc8 32.Bd3 Kf8 33.Ra6 Ne8 34.Kf2 
Bxc6 35.dxc6 Ke7 36.Be2 h5 37.Ke3 Nd8 38.Ra7+ Kf6 39.Rd7 Ke6 40.g4 Nxc6 
41.Rh7 Nd4 42.gxh5 Nxe2 43.Kxe2 gxh5 44.Rxh5 Nf6 45.Rh6 Rc6 46.Kf3 Kf7 47.
Rh8 Ra6 48.Rb8 Kg6 49.h4 Kh5 50.Rh8+ Kg6 51.Ke3 Ra1 52.Nxd6 Re1+ 53.Kd2 
Rh1 1/2-1/2

[Event "2nd GMA World Cup prel  #2"]
[Site "Moscow URS"]
[Date "1989.??.??"]
[Round "2"]
[White "Ulibin, Mikhail"]
[Black "Vaiser, Anatoly"]
[Result "0-1"]
[WhiteElo "2445"]
[BlackElo "2525"]
[EventDate "1989.05.??"]
[PlyCount "106"]

1.e4 c5 2.Nf3 Nc6 3.d4 cxd4 4.Nxd4 Nf6 5.Nc3 e5 6.Ndb5 d6 7.Bg5 a6 8.Na3 
b5 9.Bxf6 gxf6 10.Nd5 Bg7 11.Qf3 f5 12.exf5 Nd4 13.Qg4 Nxf5 14.Ne3 Qf6 15.
Nd5 Qd8 16.Ne3 h5 17.Qe4 Nxe3 18.Qxa8 O-O 19.Qf3 Ng4 20.Be2 e4 21.Qb3 Qa5+
22.c3 Be6 23.Qc2 b4 24.Nb1 e3 25.Bxg4 exf2+ 26.Qxf2 bxc3 27.Nxc3 Bxc3+ 28.
bxc3 Qxc3+ 29.Qd2 Qxa1+ 30.Kf2 Qf6+ 31.Bf3 Rb8 32.Rc1 Rb2 33.Rc2 Qh4+ 34.
Ke3 Qg5+ 35.Ke2 Qb5+ 36.Ke1 Qe5+ 37.Kf2 Qc5+ 38.Rxc5 Rxd2+ 39.Ke3 Rxg2 40.
Rxh5 Rxa2 41.Rg5+ Kh7 42.h4 Ra4 43.Rh5+ Kg7 44.Rg5+ Kf6 45.Be4 d5 46.Bxd5 
Rxh4 47.Bxe6 Kxg5 48.Bxf7 Kf6 49.Bd5 Ke5 50.Bb7 a5 51.Kd3 Rb4 52.Bc6 a4 
53.Kc3 a3 0-1

[Event "2nd GMA World Cup prel  #2"]
[Site "Moscow URS"]
[Date "1989.??.??"]
[Round "2"]
[White "Tseshkovsky, Vitaly"]
[Black "Klaric, Zlatko"]
[Result "1/2-1/2"]
[WhiteElo "2520"]
[BlackElo "2445"]
[EventDate "1989.05.??"]
[PlyCount "87"]

1.e4 e5 2.Nf3 Nc6 3.Bb5 Nd4 4.Nxd4 exd4 5.O-O Bc5 6.Bc4 d6 7.d3 Qh4 8.Nd2 
Nf6 9.f4 Be6 10.Nf3 Qh5 11.Bb3 Bxb3 12.axb3 Bb6 13.h3 O-O-O 14.Ng5 Qxd1 
15.Rxd1 Rde8 16.Bd2 a6 17.Nxf7 Rhf8 18.Ng5 h6 19.Nf3 d5 20.exd5 Nxd5 21.
Re1 Ne3 22.Bxe3 dxe3 23.g3 g5 24.Ra4 c6 25.Kg2 gxf4 26.Rxf4 Rxf4 27.gxf4 
Rg8+ 28.Kf1 Rg3 29.Ne5 h5 30.c3 h4 31.Nc4 Ba7 32.d4 Rf3+ 33.Ke2 Rxh3 34.
Rg1 c5 35.Rg8+ Kc7 36.Rg7+ Kc6 37.d5+ Kxd5 38.Nxe3+ Kc6 39.Nc4 Bb8 40.f5 
b5 41.f6 bxc4 42.f7 Rh2+ 43.Ke3 Bd6 44.Rg6 1/2-1/2

[Event "2nd GMA World Cup prel  #2"]
[Site "Moscow URS"]
[Date "1989.??.??"]
[Round "2"]
[White "Sveshnikov, Evgeny"]
[Black "Adorjan, Andras"]
[Result "1/2-1/2"]
[WhiteElo "2435"]
[BlackElo "2525"]
[EventDate "1989.05.??"]
[PlyCount "87"]

1.e4 c6 2.d4 d5 3.exd5 cxd5 4.c4 Nf6 5.Nc3 g6 6.Qb3 Bg7 7.cxd5 O-O 8.Be2 
Na6 9.Bf3 Qb6 10.Qxb6 axb6 11.Nge2 Nb4 12.O-O Rd8 13.d6 Rxd6 14.Bf4 Rd7 
15.Rfd1 Nbd5 16.Be5 Rd8 17.Nxd5 Nxd5 18.Bxd5 Rxd5 19.Nc3 Rd8 20.Bxg7 Kxg7 
21.d5 e6 22.a3 Bd7 23.f3 exd5 24.Rxd5 Bc6 25.Rxd8 Rxd8 26.Rd1 Rxd1+ 27.
Nxd1 Kf6 28.Kf2 Ke5 29.Ke3 g5 30.g3 f6 31.Nc3 h6 32.Ne2 Kd5 33.b3 Ke5 34.
f4+ Kd5 35.Nc3+ Ke6 36.Ne2 Kd5 37.Nd4 Bd7 38.Nf3 Bg4 39.Nd2 Bf5 40.Nc4 Kc5
41.fxg5 fxg5 42.Kd2 Be6 43.Kc3 Bxc4 44.bxc4 1/2-1/2

[Event "2nd GMA World Cup prel  #2"]
[Site "Moscow URS"]
[Date "1989.??.??"]
[Round "2"]
[White "Pigusov, Evgeny"]
[Black "Savon, Vladimir"]
[Result "1-0"]
[WhiteElo "2525"]
[BlackElo "2425"]
[EventDate "1989.05.??"]
[PlyCount "105"]

1.Nf3 d5 2.g3 Nf6 3.Bg2 Bg4 4.c4 c6 5.cxd5 Bxf3 6.Bxf3 cxd5 7.Nc3 e6 8.O-O
Nc6 9.d3 Bc5 10.Bf4 O-O 11.Rc1 Nd7 12.a3 Qe7 13.e4 d4 14.Nb1 Rfc8 15.Bg2 
b5 16.e5 Ncxe5 17.Bxe5 Nxe5 18.Bxa8 Rxa8 19.Qe2 Qd6 20.Nd2 Bb6 21.Nf3 
Nxf3+ 22.Qxf3 Rd8 23.Rc6 Qe5 24.Rfc1 g6 25.Rc8 Rxc8 26.Rxc8+ Kg7 27.Kg2 h5
28.h4 Bc5 29.Qe4 Qxe4+ 30.dxe4 Bb6 31.b3 Kf6 32.f4 e5 33.Rc6+ Ke7 34.fxe5 
d3 35.Rc3 b4 36.axb4 Ke6 37.Rxd3 Kxe5 38.Kf3 Bd4 39.Rd2 Bb6 40.Rd5+ Ke6 
41.g4 hxg4+ 42.Kxg4 Bc7 43.h5 gxh5+ 44.Rxh5 Bb6 45.Rd5 Be3 46.Kf3 Bb6 47.
Ke2 Bg1 48.Kd3 Bf2 49.Kc4 Be3 50.Kb5 f6 51.Ka6 Bb6 52.Kb7 Be3 53.Ra5 1-0

[Event "2nd GMA World Cup prel  #2"]
[Site "Moscow URS"]
[Date "1989.??.??"]
[Round "2"]
[White "Tseitlin, Mark"]
[Black "Kupreichik, Viktor"]
[Result "0-1"]
[WhiteElo "2430"]
[BlackElo "2520"]
[EventDate "1989.05.??"]
[PlyCount "121"]

1.e4 e5 2.Nf3 Nc6 3.Bb5 a6 4.Ba4 Nf6 5.O-O Be7 6.Re1 b5 7.Bb3 O-O 8.c3 d6 
9.h3 a5 10.d3 a4 11.Bc2 Re8 12.Nbd2 h6 13.Nf1 Bf8 14.Ng3 Bd7 15.d4 Qb8 16.
dxe5 dxe5 17.Nh5 Nxh5 18.Qxd7 Qb6 19.Qg4 Nf6 20.Qh4 Na5 21.g4 Nh7 22.Qg3 
Nc4 23.h4 Bc5 24.Rb1 Nf6 25.Kg2 Qe6 26.Nh2 Ra6 27.b3 axb3 28.Bxb3 Qc6 29.
Qd3 Ba3 30.Bxa3 Rxa3 31.Re2 Nd7 32.Nf1 Nc5 33.Qf3 Rd8 34.Bxc4 bxc4 35.Rd2 
Nd3 36.Kg1 Qa8 37.Ne3 Rxa2 38.Rxa2 Qxa2 39.Rd1 Rb8 40.h5 Rb2 41.Rf1 Nf4 
42.Nd5 Nxd5 43.exd5 Re2 44.Qf5 Qc2 45.Ra1 Qxf5 46.Ra8+ Kh7 47.gxf5 Rc2 48.
Ra7 Rxc3 49.Rxc7 f6 50.Kg2 Rd3 51.Rxc4 Rxd5 52.Kg3 Rd1 53.Rh4 Kg8 54.Kf3 
Kf7 55.Ke3 Rg1 56.Ke4 Ke7 57.Ke3 Kd6 58.Ke4 Kc5 59.f3 Kc4 60.Ke3+ Kd5 61.
Ra4 0-1

[Event "2nd GMA World Cup prel  #2"]
[Site "Moscow URS"]
[Date "1989.??.??"]
[Round "2"]
[White "Olafsson, Helgi"]
[Black "Shabalov, Alexander"]
[Result "1-0"]
[WhiteElo "2520"]
[BlackElo "2425"]
[EventDate "1989.05.??"]
[PlyCount "73"]

1.d4 d5 2.Nf3 c6 3.c4 Nf6 4.Nc3 e6 5.e3 Nbd7 6.Qc2 Bd6 7.Be2 O-O 8.O-O Re8
9.Bd2 Qe7 10.Rad1 e5 11.cxd5 cxd5 12.dxe5 Nxe5 13.Nb5 Bg4 14.Nxd6 Qxd6 15.
Bc3 Nxf3+ 16.Bxf3 Bxf3 17.gxf3 Qe6 18.Kh1 Qh3 19.Qe2 Nh5 20.Rg1 Rad8 21.f4
g6 22.Qf1 Qe6 23.Qd3 d4 24.Bxd4 Qd5+ 25.Rg2 Nxf4 26.exf4 Re4 27.f5 Qxf5 
28.Rg5 Re1+ 29.Rg1 Rxg1+ 30.Kxg1 Qg4+ 31.Kh1 h5 32.f3 Qf4 33.Qe4 Qd6 34.
Rd2 Qa6 35.Kg2 Qb5 36.Qf4 Qb4 37.Bc3 1-0

[Event "2nd GMA World Cup prel  #2"]
[Site "Moscow URS"]
[Date "1989.??.??"]
[Round "2"]
[White "Vasiukov, Evgeny"]
[Black "Padevsky, Nikola"]
[Result "1-0"]
[WhiteElo "2510"]
[BlackElo "2435"]
[EventDate "1989.05.??"]
[PlyCount "57"]

1.e4 d6 2.d4 Nf6 3.Nc3 g6 4.Nf3 Bg7 5.Be2 O-O 6.O-O Bg4 7.Be3 Nc6 8.a4 e5 
9.d5 Ne7 10.a5 a6 11.Nd2 Bxe2 12.Qxe2 Nh5 13.g3 f5 14.exf5 Nxf5 15.Ra4 c5 
16.Nce4 Qd7 17.b3 Rae8 18.Qd3 Nd4 19.Rc4 Nf6 20.Nxf6+ Rxf6 21.b4 cxb4 22.
Bxd4 exd4 23.Rxb4 Rf5 24.Rfb1 Rxd5 25.Rxb7 Qf5 26.Qc4 Kh8 27.Rb8 Rf8 28.
R1b7 g5 29.Rxf8+ 1-0

[Event "2nd GMA World Cup prel  #2"]
[Site "Moscow URS"]
[Date "1989.??.??"]
[Round "2"]
[White "Szekely, Peter"]
[Black "Chiburdanidze, Maia"]
[Result "1/2-1/2"]
[WhiteElo "2420"]
[BlackElo "2520"]
[EventDate "1989.05.??"]
[PlyCount "49"]

1.Nf3 Nf6 2.c4 c5 3.g3 g6 4.Bg2 Bg7 5.d4 O-O 6.O-O d6 7.Nc3 Nc6 8.dxc5 
dxc5 9.Be3 Qa5 10.Bd2 Qd8 11.Be3 Qa5 12.Bd2 Qa6 13.b3 Bf5 14.Nh4 Bd7 15.
Qc1 Nd4 16.Bh6 Bc6 17.Bxg7 Kxg7 18.Nf3 Rad8 19.Qb2 Kg8 20.Rfe1 Bxf3 21.
Bxf3 Nxf3+ 22.exf3 Rd7 23.Rad1 Rfd8 24.Rxd7 Rxd7 25.Re5 1/2-1/2

[Event "2nd GMA World Cup prel  #2"]
[Site "Moscow URS"]
[Date "1989.??.??"]
[Round "2"]
[White "Farago, Ivan"]
[Black "Tunik, Gennady"]
[Result "0-1"]
[WhiteElo "2495"]
[BlackElo "2435"]
[EventDate "1989.05.??"]
[PlyCount "82"]

1.d4 Nf6 2.c4 e6 3.Nf3 b6 4.a3 Ba6 5.Qc2 Bb7 6.Nc3 c5 7.e4 cxd4 8.Nxd4 Bc5
9.Nb3 Nc6 10.Bd3 Qb8 11.Nxc5 bxc5 12.f4 Nd4 13.Qd1 d5 14.cxd5 exd5 15.e5 
Ne4 16.Be3 O-O 17.Bxd4 cxd4 18.Ne2 Qd8 19.O-O Qb6 20.Kh1 Rad8 21.b4 f6 22.
exf6 Qxf6 23.Rc1 Rf7 24.b5 Re7 25.Qc2 Rc8 26.Qxc8+ Bxc8 27.Rxc8+ Kf7 28.
Ng1 Qd6 29.Nf3 g6 30.Nxd4 Nd2 31.Rd1 Qxa3 32.Nc6 Qb3 33.Bc2 Qxb5 34.Nxe7 
Kxe7 35.Rc3 Qe2 36.Ra3 Ne4 37.Rc1 Qd2 38.Raa1 Nf2+ 39.Kg1 Qd4 40.Kf1 Ng4 
41.Re1+ Kf8 0-1

[Event "2nd GMA World Cup prel  #2"]
[Site "Moscow URS"]
[Date "1989.??.??"]
[Round "2"]
[White "Malaniuk, Vladimir"]
[Black "Westerinen, Heikki"]
[Result "1/2-1/2"]
[WhiteElo "2520"]
[BlackElo "2400"]
[EventDate "1989.05.??"]
[PlyCount "88"]

1.d4 d5 2.c4 dxc4 3.e3 e5 4.Bxc4 exd4 5.exd4 Nf6 6.Nf3 Bd6 7.O-O O-O 8.Nc3
Bg4 9.h3 Bh5 10.g4 Bg6 11.Ne5 Ne4 12.Nxg6 Nxc3 13.bxc3 hxg6 14.Rb1 Nc6 15.
Qf3 Qf6 16.Bd5 Qxf3 17.Bxf3 Rab8 18.Kg2 Nd8 19.c4 Ne6 20.c5 Be7 21.Rxb7 
Rxb7 22.Bxb7 Nxd4 23.c6 Bc5 24.Be3 Ne6 25.Bxc5 Nxc5 26.Re1 Nxb7 27.cxb7 
Rb8 28.Rb1 Kf8 29.h4 Ke7 30.h5 Kd6 31.a4 Kc6 32.hxg6 fxg6 33.Rb5 Rxb7 34.
Rg5 Kb6 35.a5+ Ka6 36.Rxg6+ c6 37.Rg5 Rf7 38.Kg3 Kb7 39.f4 Kc7 40.Kf3 Re7 
41.Re5 Rxe5 42.fxe5 Kd7 43.Ke4 Ke6 44.Kd4 g5 1/2-1/2

[Event "2nd GMA World Cup prel  #2"]
[Site "Moscow URS"]
[Date "1989.??.??"]
[Round "2"]
[White "Piskov, Yury"]
[Black "Gheorghiu, Florin"]
[Result "1/2-1/2"]
[WhiteElo "2400"]
[BlackElo "2515"]
[EventDate "1989.05.??"]
[PlyCount "65"]

1.d4 c5 2.d5 e5 3.e4 d6 4.h3 g6 5.g4 Bh6 6.Bxh6 Nxh6 7.Qd2 Ng8 8.Nc3 a6 9.
O-O-O Nd7 10.h4 Ngf6 11.f3 h6 12.Nce2 b5 13.Ng3 Nb6 14.Rh2 Nfd7 15.Kb1 c4 
16.Bh3 Qxh4 17.Qf2 Na4 18.Nf5 Qf6 19.g5 hxg5 20.Nxd6+ Qxd6 21.Bxd7+ Kxd7 
22.Rxh8 Qb4 23.Kc1 Qxb2+ 24.Kd2 Qb4+ 25.Ke2 Qd6 26.Kf1 Qf6 27.Rg8 Kd6 28.
Ke1 Nc5 29.Qe3 Bb7 30.Rxa8 Bxa8 31.a4 b4 32.a5 Qd8 33.Ra1 1/2-1/2

[Event "2nd GMA World Cup prel  #2"]
[Site "Moscow URS"]
[Date "1989.??.??"]
[Round "2"]
[White "Titov, German"]
[Black "Rashkovsky, Nukhim"]
[Result "1/2-1/2"]
[WhiteElo "2390"]
[BlackElo "2520"]
[EventDate "1989.05.??"]
[PlyCount "54"]

1.d4 Nf6 2.Nf3 e6 3.c4 Bb4+ 4.Bd2 Qe7 5.g3 Nc6 6.Bg2 Bxd2+ 7.Nbxd2 a5 8.c5
d6 9.cxd6 cxd6 10.O-O O-O 11.Nc4 Ra6 12.Rc1 Bd7 13.Qd3 b5 14.Ncd2 Rb8 15.
a3 a4 16.Ng5 h6 17.Nge4 Nxe4 18.Bxe4 Rab6 19.d5 Ne5 20.Qd4 exd5 21.Bxd5 
Bh3 22.Rfe1 b4 23.Nc4 Nxc4 24.Qxc4 Qf6 25.Rc2 Rb5 26.Qd3 Bf5 27.e4 Be6 
1/2-1/2

[Event "2nd GMA World Cup prel  #2"]
[Site "Moscow URS"]
[Date "1989.??.??"]
[Round "2"]
[White "Dizdarevic, Emir"]
[Black "Arakhamia, Ketevan"]
[Result "1/2-1/2"]
[WhiteElo "2510"]
[BlackElo "2395"]
[EventDate "1989.05.??"]
[PlyCount "119"]

1.Nf3 Nf6 2.c4 g6 3.g3 Bg7 4.Bg2 d5 5.cxd5 Nxd5 6.d4 O-O 7.O-O Nb6 8.Nc3 
Nc6 9.d5 Na5 10.Qc2 c6 11.dxc6 bxc6 12.Rd1 Bf5 13.e4 Bd7 14.Bh3 Qc8 15.
Bxd7 Nxd7 16.Bg5 Re8 17.Rac1 h6 18.Bd2 Nc4 19.Be1 Nde5 20.Nxe5 Nxe5 21.Kg2
g5 22.Ne2 c5 23.b3 Qg4 24.Ng1 Rac8 25.Qe2 Qe6 26.Bc3 g4 27.Bxe5 Bxe5 28.f4
gxf3+ 29.Nxf3 Bg7 30.Rd5 Qb6 31.Qc4 Qb7 32.Rcd1 Qb4 33.Nd2 Qa3 34.Qc2 Bd4 
35.Nf3 Red8 36.Rd2 Qa6 37.Qd3 Qxd3 38.Rxd3 Rxd5 39.exd5 Bf6 40.Nd2 Rd8 41.
Ne4 Bd4 42.b4 Rxd5 43.Nxc5 e5 44.Nb3 f5 45.Kf1 Kf7 46.Ke2 Rd6 47.Nxd4 exd4
48.Ra3 a6 49.Kd3 Kg6 50.Ra5 Kg5 51.h3 h5 52.Rc5 Re6 53.Kxd4 Re4+ 54.Kd3 
Rxb4 55.Ra5 h4 56.gxh4+ Rxh4 57.Rxa6 Rxh3+ 58.Ke2 Kg4 59.Rg6+ Kf4 60.Rg2 
1/2-1/2

[Event "2nd GMA World Cup prel  #2"]
[Site "Moscow URS"]
[Date "1989.??.??"]
[Round "2"]
[White "Fishbein, Alexander"]
[Black "Zaitsev, Igor"]
[Result "1/2-1/2"]
[WhiteElo "2490"]
[BlackElo "2390"]
[EventDate "1989.05.??"]
[PlyCount "132"]

1.e4 e5 2.Nf3 Nc6 3.Bb5 a6 4.Ba4 Nf6 5.O-O Be7 6.Bxc6 dxc6 7.Re1 Nd7 8.d4 
exd4 9.Qxd4 O-O 10.Bf4 Bf6 11.e5 Be7 12.Nc3 Nc5 13.Qe3 Bf5 14.Nd4 Bg6 15.
e6 Nxe6 16.Nxe6 fxe6 17.Qxe6+ Rf7 18.Rad1 Bd6 19.Ne4 Qe7 20.Qxe7 Rxe7 21.
Bxd6 Rxe4 22.Rxe4 Bxe4 23.Bxc7 Bxc2 24.Rd7 Bf5 25.Re7 Kf8 26.Bd6 Rd8 27.
Rd7+ Ke8 28.Re7+ Kf8 29.Bb4 b6 30.Rd7+ Ke8 31.Re7+ Kf8 32.Re5+ Kg8 33.f3 
Bg6 34.Re7 Bf7 35.a3 h5 36.Bc3 c5 37.Rc7 Rd6 38.Kf2 a5 39.Kg3 Rg6+ 40.Kf2 
Re6 41.Rb7 g5 42.g4 hxg4 43.fxg4 a4 44.h3 Kf8 45.Ra7 Be8 46.Bd2 Re7 47.
Rxe7 Kxe7 48.Bxg5+ Ke6 49.Bd2 Bg6 50.h4 Bc2 51.Be3 Bd1 52.Kg3 Ke5 53.h5 
Ke6 54.Kh4 Be2 55.Kg5 Kf7 56.Kf5 Bd3+ 57.Ke5 Be2 58.Kf4 Ke6 59.Bf2 Bd1 60.
Bg1 Be2 61.Kg5 Kf7 62.Bh2 Bd1 63.Bc7 b5 64.Bd6 b4 65.Bxc5 bxa3 66.Bxa3 Be2
1/2-1/2

[Event "2nd GMA World Cup prel  #2"]
[Site "Moscow URS"]
[Date "1989.??.??"]
[Round "2"]
[White "Krasenkov, Mikhail"]
[Black "Galliamova, Alisa"]
[Result "1-0"]
[WhiteElo "2525"]
[BlackElo "2325"]
[EventDate "1989.05.??"]
[PlyCount "87"]

1.d4 Nf6 2.Nf3 e6 3.g3 b5 4.c3 Bb7 5.Bg2 c5 6.O-O Be7 7.Bg5 d6 8.a4 b4 9.
cxb4 cxb4 10.Nbd2 O-O 11.a5 Nbd7 12.Qa4 Rb8 13.Rfc1 h6 14.Bxf6 Nxf6 15.Ne1
Ba6 16.e3 d5 17.Bf1 Bxf1 18.Kxf1 Rc8 19.Rc6 Qd7 20.Rac1 Ne4 21.Nxe4 dxe4 
22.Qc2 Rxc6 23.Qxc6 Qxc6 24.Rxc6 b3 25.Rc7 Bb4 26.a6 Ra8 27.Rb7 Ba5 28.Rb5
Bb6 29.Rxb3 Rd8 30.Nc2 Rd5 31.Rc3 Ra5 32.Ra3 Rb5 33.b4 e5 34.dxe5 Rxe5 35.
Rc3 Rd5 36.Ke2 g5 37.Na3 g4 38.Rc8+ Kg7 39.Nc4 Rb5 40.Rb8 Rxb4 41.Nxb6 
Rb2+ 42.Kf1 Ra2 43.Nc8 Rxa6 44.Rb7 1-0